000 01197nam a2200337 a 4500
001 000038210
003 OSt
005 20260401182423.0
008 130322s2010 dr 000 0 spa d
020 _a9945425013
040 _aDO-SdBNP
_bspa
_cBNPHU
082 _a362
_bS456
245 0 0 _aSeguridad social /
_cFéliz María Reyes [et. al.] ; prólogo Julio Aníbal Suárez.
260 _aSanto Domingo :
_bEscuela Nacional de la Judicatura,
_c2010.
300 _a232 p. ;
_c29 cm.
500 _aIncluye notas al pie de las páginas
504 _aBibliografía : p. 231-232
590 _aInventariado, 2018/ YL
650 4 _aSeguridad social
_zRepública Dominicana
_92151
650 4 _aSeguridad social
_xFinanzas
_964572
650 0 _aSeguridad social
_xLeyes y legislación
_911764
700 1 2 _aPérez Mirambeaux, Abel
_964573
700 1 2 _aNúñez Pepén, Juana María
_964574
700 1 2 _aFrett Mejía, Rafael
_964575
700 1 2 _aPéres Victoriano, Felícita
_964576
700 1 2 _aAzón Vilas, Félix
_964577
700 1 2 _aVásquez Goico, Rafael
_964578
700 1 2 _aSuárez, Julio Anibal,
_eprólogo
_96537
910 _aValidado. Control de calidad MFF
942 _2ddc
_cLBS1
999 _c37700
_d37700